000 00604nam a2200193Ia 4500
003 IEPS
005 20250703135331.0
008 250223s9999||||xx |||||||||||||| ||und||
020 _a9789776784673
040 _CIEPS
041 _aara
082 _a371.102
100 _aمتولي عبد الله عصام الدين
245 0 _aطرق التدريس العامة بين النظرية و التطبيق
260 _aالاسكندرية
_bمؤسسة عالم الرياضة للنشر
_c2021
300 _a448 ص.
_bجداول
_c24 سم.
653 _aطرق التدريس
942 _cكتاب
999 _c13913
_d13913